วีรกรรมนักรบไทย (ระเบียนเลขที่ 1773)
| 000 -LEADER | |
|---|---|
| fixed length control field | 01236nam a22002777a 4500 |
| 005 - DATE AND TIME OF LATEST TRANSACTION | |
| control field | 20251125232739.0 |
| 008 - FIXED-LENGTH DATA ELEMENTS--GENERAL INFORMATION | |
| fixed length control field | s2516 th tha d |
| 040 ## - CATALOGING SOURCE | |
| Original cataloging agency | NALT |
| 041 ## - LANGUAGE CODE | |
| Language code of text/sound track or separate title | tha |
| 050 ## - LIBRARY OF CONGRESS CALL NUMBER | |
| Classification number | DS578.3 |
| Item number | ช137ว |
| 100 0# - MAIN ENTRY--PERSONAL NAME | |
| Personal name | ชนม์สวัสดิ์ ชมพูนุท, ม.ร.ว. |
| 245 10 - TITLE STATEMENT | |
| Title | วีรกรรมนักรบไทย |
| 260 3# - PUBLICATION, DISTRIBUTION, ETC. | |
| Place of publication, distribution, etc. | กรุงเทพฯ : |
| Name of publisher, distributor, etc. | พิทยาคาร, |
| Date of publication, distribution, etc. | 2516 |
| 300 ## - PHYSICAL DESCRIPTION | |
| Extent | 344 หน้า : |
| Other physical details | ภาพประกอบ |
| 650 04 - SUBJECT ADDED ENTRY--TOPICAL TERM | |
| Topical term or geographic name entry element | ตากสินมหาราช, สมเด็จพระเจ้า, 2277--2325 |
| 650 04 - SUBJECT ADDED ENTRY--TOPICAL TERM | |
| Topical term or geographic name entry element | พิชัยดาบหัก, พระยา, 2284-- |
| 650 04 - SUBJECT ADDED ENTRY--TOPICAL TERM | |
| Topical term or geographic name entry element | พุทธยอดฟ้าจุฬาโลก, พระบาทสมเด็จพระ, 2279--2352 |
| 650 04 - SUBJECT ADDED ENTRY--TOPICAL TERM | |
| Topical term or geographic name entry element | วีรบุรุษ -- ไทย |
| 650 04 - SUBJECT ADDED ENTRY--TOPICAL TERM | |
| Topical term or geographic name entry element | วีรสตรี -- ไทย |
| 650 04 - SUBJECT ADDED ENTRY--TOPICAL TERM | |
| Topical term or geographic name entry element | สฤษดิ์ ธนะรัชย์, 2451--2506 |
| 650 04 - SUBJECT ADDED ENTRY--TOPICAL TERM | |
| Topical term or geographic name entry element | สุรนารี, ท้าว, 2314--2395 |
| 650 04 - SUBJECT ADDED ENTRY--TOPICAL TERM | |
| Topical term or geographic name entry element | แปลก พิบูลสงคราม, 2440--2507 |
| 850 ## - HOLDING INSTITUTION | |
| Holding institution | NALT |
| 856 40 - ELECTRONIC LOCATION AND ACCESS | |
| Uniform Resource Identifier | <a href="https://hdl.handle.net/20.500.14156/371988">https://hdl.handle.net/20.500.14156/371988</a> |
| -- | 1 |
| 942 ## - ADDED ENTRY ELEMENTS (KOHA) | |
| Koha item type | General Book |
| Koha issues (borrowed), all copies | 1 |
| Source of classification or shelving scheme | Library of Congress Classification |
| Withdrawn status | Lost status | Damaged status | Not for loan | Collection code | Home library | Current library | Total Checkouts | Full call number | Barcode | Date last seen | Date last checked out | Price effective from | Koha item type |
|---|---|---|---|---|---|---|---|---|---|---|---|---|---|
| General Book collection | National Assembly Library of Thailand | National Assembly Library of Thailand | 1 | DS 578.3 ช137ว | 3961101666 | 21/05/2018 | 21/05/2018 | 09/06/2017 | General Book |
